| 000 | 00562nam a22001457a 4500 | ||
|---|---|---|---|
| 005 | 20230616181232.0 | ||
| 008 | 230425b xxu||||| |||| 00| 0 eng d | ||
| 082 |
_a621.381 _bGAN |
||
| 100 | _aK Ganesh | ||
| 245 |
_aಎಲೆಕ್ಟ್ರಾನಿಕ್ಸ್ ಗುರು _bElectronics Guru _cGanesh K |
||
| 260 |
_aBelagavi _bPrasaranga, Visveswaraya Technological University ( VTU ) _c2021 |
||
| 300 | _a40p. | ||
| 440 | _aJanpriya Taantrika Shikshana Maale (ಜನಪ್ರಿಯ ತಾಂತ್ರಿಕ ಶಿಕ್ಷಣ ಮಾಲೆ) | ||
| 650 | _aGeneral | ||
| 999 |
_c11652 _d11652 |
||